000
00320nam a22001337a 4500
008
170825b xxu||||| |||| 00| 0 eng d
020
_a
9780024094711
041
_a
eng
080
_2
4TH
_a
070
100
_a
39
101
_a
MED
245
_a
HUMAN COMMUNICATION DISORDERS AN INTRODUCTION
_c
SHAMES,G.H
942
_2
udc
_c
BK
999
_c
25120
_d
25120